000 00706nam a2200193Ii 4500
003 JO-AjNU
008 230605s9999||||xx |||||||||||||| ||und||
040 _aJO-AjNU
_bara
_erda
_cJO-AjNU
041 _aara
050 1 4 _aHJ2315 .B37 1978
100 3 _aالبطريق، يونس احمد / م. مشارك: حامد عبدالحميد دراز، محمد احمد عبدالله,
_eauthor
_935645
245 0 0 _aالنظم الضريبية
264 3 1 _aالاسكندرية: مؤسسة شباب الجامعة، 1978
300 _a327ص
336 _atext
_btxt
_2rdacontent
337 _aunmediated
_bn
_2rdamedia
338 _avolume
_bnc
_2rdacarrier
650 4 _aالضرائب - إدارة 
_935646
999 _aA14736
_c18304
_d18304